Personálny manažment
Na minha lista:
| Autor principal: | |
|---|---|
| Formato: | Livro |
| Idioma: | inglês |
| Publicado em: |
Košice
Technická univerzita v Košiciach
2013
|
| Edição: | 1. vydanie |
| Assuntos: | |
| Tags: |
Sem tags, seja o primeiro a adicionar uma tag!
|
MARC
| LEADER | 00000nam a2200000 4500 | ||
|---|---|---|---|
| 001 | 0306002 | ||
| 005 | 20260226154143.1 | ||
| 020 | |a 978-80-553-1370-2 | ||
| 041 | 0 | |a eng | |
| 044 | |a SK | ||
| 245 | 1 | 0 | |a Personálny manažment |c Mária Antošová |
| 250 | |a 1. vydanie | ||
| 264 | 1 | |a Košice |b Technická univerzita v Košiciach |c 2013 | |
| 300 | |a 93 s. [6,54 AH] | ||
| 610 | 2 | 0 | |a manažment personálny |
| 610 | 2 | 0 | |a plánovanie personálne |
| 610 | 2 | 0 | |a miesta pracovné |
| 610 | 2 | 0 | |a pohyb síl pracovných |
| 610 | 2 | 0 | |a vznik pomeru pracovného |
| 610 | 2 | 0 | |a skončenie pomeru pracovného |
| 610 | 2 | 0 | |a vzdelávanie zamestnancov |
| 610 | 2 | 0 | |a motivácia pracovná |
| 610 | 2 | 0 | |a odmeňovanie |
| 610 | 2 | 0 | |a kvalita života |
| 100 | 1 | |a Antošová, Mária, 1965- | |